000 00438nam a2200181Ia 4500
005 20250603145715.0
008 250603s9999 xx 000 0 und d
020 _a9788189581299
050 _aRC 58 .G87/
100 _aGupta, Pankaj
245 0 _aSelf assessment and review: infectious diseases
260 _aNew delhi
260 _bShri bhupesh arora
260 _c2008
300 _a536 p
650 _aNew delhi
942 _cBK
999 _c42616
_d42616